Statistics for Highest Religious Populations

Click here to take the quiz!

General Stats

  • This quiz has been taken 65 times
  • The average score is 5 of 10

Answer Stats

RankAdherentsPercentageReligion% Correct
21.907 billion24.9%Islam
97%
5506 million5.06%Buddhism
93%
12.382 billion31.11%Christianity
93%
41.161 billion15.16%Hinduism
90%
926 million0.30%Sikhism
47%
31.193 billion15.58%Secular | Nonreligious | Agnostic | Atheist
39%
6394 million5%Han Chinese | Chinese Traditional Religion | Chinese Folk Religion
10%
8100 million1.2%Traditional African Religion | African Traditional Religion
8%
1015 million0.19%Spiritism
7%
7300 million3%Ethnic
2%

Score Distribution

Percentile by Number Answered

Percent of People with Each Score

Your Score History

You have not taken this quiz